Maisie Peters - There It Goes - Statistics

General Stats
  • This quiz has been taken 80 times
  • The average score is 390 of 432
Answer Stats
Answer % Correct
a
100%
A
100%
do
100%
go
100%
goes
100%
I
100%
in
100%
it
100%
the
100%
The
100%
there
100%
There
100%
was
100%
was,
100%
An
98%
And
98%
and
98%
covered
98%
had
98%
let
98%
love
98%
me
98%
to
98%
we
98%
you
98%
but
96%
But
96%
But,
96%
for
96%
I’m
96%
of
96%
snow
96%
whole
96%
back
93%
be
93%
down
93%
eating
93%
London
93%
Oh,
93%
oh
93%
all
91%
All
91%
free
91%
He
91%
home
91%
home,
91%
send
91%
when
91%
your
91%
Columbia
89%
dating,
89%
dating
89%
getting
89%
made
89%
Road
89%
running
89%
September
89%
cheap
87%
coffees
87%
selling
87%
sport
87%
They’re
87%
Yeah,
87%
best
85%
breathe
85%
can
85%
finally
85%
it’s
85%
my
85%
so
85%
sunflowers
85%
Sunflowers
85%
better
83%
gave
83%
Need
83%
need
83%
novels
83%
on
83%
reading
83%
rewrite
83%
street
83%
yoga
83%
blank
80%
doing
80%
felt
80%
friends
80%
from
80%
girls
80%
is
80%
swan
80%
with
80%
don’t
78%
far
78%
front
78%
hours
78%
not
78%
now
78%
Now
78%
October
78%
that
78%
As
76%
dance
76%
did
76%
falls
76%
Just
76%
kissed
76%
known
76%
loved
76%
new
76%
thought
76%
up
76%
wake
76%
wanted
76%
worst
76%
dive
74%
hard
74%
less
74%
page,
74%
rain
74%
right
74%
than
74%
way
74%
where
74%
will
74%
coven
72%
embarrassed
72%
heartbreak
72%
light
72%
over
72%
quit
72%
should’ve
72%
witching
72%
young,
72%
yours
72%
art
70%
hang
70%
loss
70%
remission
70%
see
70%
aging,
67%
am
67%
black
67%
cat
67%
‘Cause
67%
closure
67%
Stockholm
67%
won’t
67%
cold
65%
comedown
65%
door
65%
heaven
65%
Heaven
65%
knows
65%
lit
65%
open
65%
shifting
65%
universe
65%
cliffs
63%
kitchen
63%
party
61%
bone
59%
changing
59%
feel
59%
hip
59%
brisk
57%
night
57%
red
57%
threw
57%
sleep
54%
streetlights
54%
through
54%
wine
54%
his
52%
Brick
48%
Lane
48%
No matching quizzes found
Score Distribution
Percent of People with Each Score
Percentile by Number Answered
Your Score History
You have not taken this quiz